Investície do vedy a výskumu ako jeden z rozhodujúcich faktorov rozvoja EÚ bakalárska práca

Salvato in:
Dettagli Bibliografici
Autore principale: Demeterová, Viktória
Ente Autore: Fakulta medzinárodných vzťahov EU. Katedra medzinárodných ekonomických vzťahov a hospodárskej diplomacie
Altri autori: Cséfalvayová, Katarína
Natura: Libro
Lingua:slovacco
Pubblicazione: Bratislava 2011
Tags: Aggiungi Tag
Nessun Tag, puoi essere il primo ad aggiungerne!!

MARC

LEADER 00000nbm a2200000 4500
001 0131139
005 20170315090419.3
041 0 |a slo 
044 |a SK 
245 1 0 |a Investície do vedy a výskumu ako jeden z rozhodujúcich faktorov rozvoja EÚ  |b bakalárska práca  |c Viktória Demeterová ; školiteľ: Katarína Cséfalvayová 
264 1 |a Bratislava  |c 2011 
300 |a 61 s. 
100 1 |a Demeterová, Viktória 
700 1 |a Cséfalvayová, Katarína 
710 2 |a Fakulta medzinárodných vzťahov EU. Katedra medzinárodných ekonomických vzťahov a hospodárskej diplomacie